<?xml version="1.0" encoding="UTF-8"?>
<record
    xmlns:xsi="http://www.w3.org/2001/XMLSchema-instance"
    xsi:schemaLocation="http://www.loc.gov/MARC21/slim http://www.loc.gov/standards/marcxml/schema/MARC21slim.xsd"
    xmlns="http://www.loc.gov/MARC21/slim">

  <leader>00379nam a22001217a 4500</leader>
  <datafield tag="999" ind1=" " ind2=" ">
    <subfield code="c">111421</subfield>
    <subfield code="d">111421</subfield>
  </datafield>
  <controlfield tag="005">20220121120309.0</controlfield>
  <controlfield tag="008">190316b           ||||| |||| 00| 0 eng d</controlfield>
  <datafield tag="040" ind1=" " ind2=" ">
    <subfield code="c">PK-LaUMT</subfield>
  </datafield>
  <datafield tag="082" ind1=" " ind2=" ">
    <subfield code="a">348.5491026</subfield>
    <subfield code="b">YEA-</subfield>
  </datafield>
  <datafield tag="245" ind1=" " ind2=" ">
    <subfield code="a">Yearly law reporter [2018, YLR, Vol. XX] /</subfield>
    <subfield code="c">edited by Muhammad Anwar Khokhar . . .[et al.]</subfield>
  </datafield>
  <datafield tag="260" ind1=" " ind2=" ">
    <subfield code="a">Lahore :</subfield>
    <subfield code="b">Yearly Law Reporters,</subfield>
    <subfield code="c">2018</subfield>
  </datafield>
  <datafield tag="942" ind1=" " ind2=" ">
    <subfield code="c">LPJ</subfield>
  </datafield>
  <datafield tag="952" ind1=" " ind2=" ">
    <subfield code="0">0</subfield>
    <subfield code="1">0</subfield>
    <subfield code="4">0</subfield>
    <subfield code="7">0</subfield>
    <subfield code="a">01</subfield>
    <subfield code="b">01</subfield>
    <subfield code="d">2019-03-16</subfield>
    <subfield code="l">0</subfield>
    <subfield code="o">348.5491026 YEA-</subfield>
    <subfield code="p">128986</subfield>
    <subfield code="r">2019-03-16 00:00:00</subfield>
    <subfield code="t">Vol.1</subfield>
    <subfield code="w">2019-03-16</subfield>
    <subfield code="y">BK</subfield>
  </datafield>
  <datafield tag="952" ind1=" " ind2=" ">
    <subfield code="0">0</subfield>
    <subfield code="1">0</subfield>
    <subfield code="4">0</subfield>
    <subfield code="7">0</subfield>
    <subfield code="a">01</subfield>
    <subfield code="b">01</subfield>
    <subfield code="d">2019-03-16</subfield>
    <subfield code="l">0</subfield>
    <subfield code="o">348.5491026 YEA-</subfield>
    <subfield code="p">128987</subfield>
    <subfield code="r">2019-03-16 00:00:00</subfield>
    <subfield code="t">Vol.2</subfield>
    <subfield code="w">2019-03-16</subfield>
    <subfield code="y">BK</subfield>
  </datafield>
  <datafield tag="952" ind1=" " ind2=" ">
    <subfield code="0">0</subfield>
    <subfield code="1">0</subfield>
    <subfield code="4">0</subfield>
    <subfield code="7">0</subfield>
    <subfield code="a">01</subfield>
    <subfield code="b">01</subfield>
    <subfield code="d">2019-03-16</subfield>
    <subfield code="l">0</subfield>
    <subfield code="o">348.5491026 YEA-</subfield>
    <subfield code="p">128988</subfield>
    <subfield code="r">2019-03-16 00:00:00</subfield>
    <subfield code="t">Vol.3</subfield>
    <subfield code="w">2019-03-16</subfield>
    <subfield code="y">BK</subfield>
  </datafield>
  <datafield tag="952" ind1=" " ind2=" ">
    <subfield code="0">0</subfield>
    <subfield code="1">0</subfield>
    <subfield code="4">0</subfield>
    <subfield code="7">0</subfield>
    <subfield code="a">01</subfield>
    <subfield code="b">01</subfield>
    <subfield code="d">2019-03-16</subfield>
    <subfield code="l">0</subfield>
    <subfield code="o">348.5491026 YEA-</subfield>
    <subfield code="p">128989</subfield>
    <subfield code="r">2019-03-16 00:00:00</subfield>
    <subfield code="t">Vol.4</subfield>
    <subfield code="w">2019-03-16</subfield>
    <subfield code="y">BK</subfield>
  </datafield>
</record>
